Statistics for Famous Monkeys

Click here to take the quiz!

General Stats

  • This quiz has been taken 40 times
  • The average score is 5 of 14

Answer Stats

HintYearAnswer% Correct
Kong1933King Kong
94%
Rafiki1994The Lion King
81%
King Louie1967The Jungle Book
78%
Abu1940Aladdin
64%
George2006Curious George
53%
Caesar2011Rise of the Planet of the Apes
53%
Marcel1994Friends
39%
Dexter2006Night at the Museum
28%
Chain-Smoking Capuchin2011The Hangover Part II
17%
Joe1998Mighty Joe Young
14%
Clyde1978Every Which Way But Loose
11%
Tribe Leader19682001: A Space Odyssey
3%
Betsy1995Outbreak
3%
Nikko1939The Wizard of Oz
3%

Score Distribution

Percentile by Number Answered

Percent of People with Each Score

Your Score History

You have not taken this quiz